[Event "45th World Open"]
[Site "Philadelphia"]
[Date "2017.07.01"]
[Round "2.21"]
[White "Jimenez, Fidel"]
[Black "Niemann, Hans"]
[Result "0-1"]
[WhiteElo "2524"]
[BlackElo "2282"]
[PlyCount "78"]
[EventDate "2017.07.??"]
[EventType "swiss"]
[EventRounds "9"]
[EventCountry "USA"]

1. e4 e6 2. d4 d5 3. Nc3 Nf6 4. Bg5 dxe4 5. Nxe4 Be7 6. Bxf6 gxf6 7. Nf3 f5 8.
Nc3 a6 9. Qd2 b5 10. O-O-O b4 11. Ne2 Bb7 12. Kb1 c5 13. Qh6 Nd7 14. dxc5 Bxc5
15. Nc1 Qf6 16. Qf4 Bd5 17. Bc4 Nb6 18. Bxd5 Nxd5 19. Qc4 Qe7 20. Nb3 Rc8 21.
g4 f4 22. g5 O-O 23. Qe2 a5 24. Ne5 a4 25. Nxc5 Rxc5 26. Ng4 Qxg5 27. h4 Qg7
28. Ne3 Nxe3 29. Rdg1 Ng2 30. Qe4 f5 31. Qxg2 Qxg2 32. Rxg2+ Kh8 33. Rd1 Re5
34. f3 Re3 35. b3 axb3 36. axb3 Rxf3 37. Rd7 Rg3 38. Rgd2 f3 39. Re7 Rg2 0-1

[Event "45th World Open"]
[Site "Philadelphia"]
[Date "2017.07.01"]
[Round "2.24"]
[White "Li, Ben"]
[Black "Hernandez, Holden"]
[Result "0-1"]
[WhiteElo "2263"]
[BlackElo "2510"]
[PlyCount "48"]
[EventDate "2017.07.??"]
[EventType "swiss"]
[EventRounds "9"]
[EventCountry "USA"]

1. d4 Nf6 2. c4 e6 3. Nf3 b6 4. a3 Bb7 5. Nc3 g6 6. Qc2 c5 7. e4 cxd4 8. Nxd4
d6 9. Be2 Nbd7 10. Bg5 a6 11. Rd1 Be7 12. Bh6 Qc7 13. O-O Ne5 14. h3 Nfd7 15.
b3 g5 16. Bh5 Ng6 17. h4 gxh4 18. f4 Qc5 19. Na4 Qxh5 20. f5 Qxh6 21. fxe6 Qe3+
22. Kh1 fxe6 23. Nxe6 Bxe4 24. Qb2 h3 0-1

[Event "45th World Open"]
[Site "Philadelphia"]
[Date "2017.07.01"]
[Round "2.25"]
[White "Brown, Michael"]
[Black "Yip, Carissa"]
[Result "1-0"]
[WhiteElo "2489"]
[BlackElo "2261"]
[PlyCount "82"]
[EventDate "2017.07.??"]
[EventType "swiss"]
[EventRounds "9"]
[EventCountry "USA"]

1. d4 Nf6 2. c4 g6 3. Nc3 d5 4. cxd5 Nxd5 5. Bd2 Bg7 6. e4 Nb6 7. Be3 O-O 8.
Be2 Nc6 9. Nf3 Bg4 10. e5 Qd7 11. h3 Bxf3 12. Bxf3 Rad8 13. Ne2 Nb4 14. O-O
N4d5 15. Qb3 c6 16. a4 a5 17. Bd2 Ra8 18. Rfc1 Ra7 19. Nf4 e6 20. Nd3 Qc7 21.
Nc5 Ne7 22. g4 Rd8 23. Bg5 Nbd5 24. Bxd5 Rxd5 25. Qe3 h6 26. Bxh6 Bxh6 27. Qxh6
Rxd4 28. Qe3 Rd5 29. Nxe6 Qb8 30. Nc7 Rd8 31. e6 f6 32. Qc5 Kf8 33. Qb6 Rc8 34.
Nb5 Ra6 35. Qd4 Qe5 36. Qxe5 fxe5 37. Nd6 Rb8 38. Ne4 b6 39. Nf6 Rd8 40. Nd7+
Kg7 41. Re1 e4 1-0

[Event "45th World Open"]
[Site "Philadelphia"]
[Date "2017.07.01"]
[Round "2.28"]
[White "Tang, Andrew"]
[Black "Taylor, Timothy"]
[Result "1-0"]
[WhiteElo "2461"]
[BlackElo "2251"]
[PlyCount "121"]
[EventDate "2017.07.??"]
[EventType "swiss"]
[EventRounds "9"]
[EventCountry "USA"]

1. d4 d5 2. Bf4 Nf6 3. e3 e6 4. Nf3 c5 5. Nbd2 Nc6 6. c3 Bd6 7. Bg3 O-O 8. Bd3
Qe7 9. Ne5 Nd7 10. Nxd7 Qxd7 11. O-O Bxg3 12. hxg3 b6 13. Qe2 Bb7 14. Rad1 Qe7
15. dxc5 Qxc5 16. e4 dxe4 17. Nxe4 Qe7 18. Nd6 Rad8 19. Nxb7 Qxb7 20. Qe4 g6
21. Bb5 Rxd1 22. Rxd1 Rd8 23. Re1 Na5 24. Qa4 Qc7 25. c4 Rd6 26. Rc1 Nc6 27. c5
Nd4 28. c6 Rd5 29. Bd3 Rd6 30. Rc3 e5 31. Bb5 Rd5 32. Bf1 Ra5 33. Qb4 Nxc6 34.
Qh4 Rc5 35. Rxc5 bxc5 36. Qf6 Na5 37. Be2 e4 38. Bd1 Nc4 39. Bb3 Qd6 40. Qc3
Nd2 41. Qa5 c4 42. Bc2 Qd4 43. Qg5 c3 44. b3 Kg7 45. Qf4 Qc5 46. g4 h6 47. Qg3
a5 48. Qf4 Qb5 49. Qe3 Qc6 50. Qd4+ Kh7 51. Qa7 Qd5 52. Qc7 h5 53. gxh5 gxh5
54. Qxc3 f5 55. Bd1 f4 56. Qc7+ Kg6 57. Qxf4 Nb1 58. Bc2 Nc3 59. Qg3+ Qg5 60.
Qxc3 Qc1+ 61. Kh2 1-0

[Event "45th World Open"]
[Site "Philadelphia"]
[Date "2017.07.01"]
[Round "2.31"]
[White "Virkud, Apurva"]
[Black "Bryant, John"]
[Result "1-0"]
[WhiteElo "2252"]
[BlackElo "2443"]
[PlyCount "81"]
[EventDate "2017.07.??"]
[EventType "swiss"]
[EventRounds "9"]
[EventCountry "USA"]

1. d4 e6 2. c4 c5 3. d5 exd5 4. cxd5 d6 5. Nc3 g6 6. e4 Bg7 7. h3 a6 8. a4 Ne7
9. Nf3 O-O 10. Bd3 Nd7 11. O-O f5 12. exf5 Nxf5 13. Bg5 Qb6 14. Qc2 Ne5 15.
Nxe5 Bxe5 16. a5 Qc7 17. Bxf5 Bxf5 18. Qd2 b5 19. axb6 Qxb6 20. Rfe1 Rab8 21.
Rxe5 dxe5 22. d6 Qxb2 23. Qd5+ Rf7 24. Rc1 Bxh3 25. Ne4 Bd7 26. Bh6 Rbf8 27.
Rd1 Qe2 28. Rd2 Be6 29. Qxe5 Qh5 30. Qxh5 gxh5 31. Bxf8 Rxf8 32. Nxc5 Kf7 33.
Nxa6 Rc8 34. Kh2 h4 35. d7 Rd8 36. Nc5 Bf5 37. Rd5 Kf6 38. f3 h5 39. Rd6+ Kg5
40. Kg1 h3 41. g3 1-0

[Event "45th World Open"]
[Site "Philadelphia"]
[Date "2017.07.01"]
[Round "2.33"]
[White "Ghatti, Sanjay"]
[Black "Garcia, Jan"]
[Result "1/2-1/2"]
[WhiteElo "2235"]
[BlackElo "2436"]
[PlyCount "160"]
[EventDate "2017.07.??"]
[EventType "swiss"]
[EventRounds "9"]
[EventCountry "USA"]

1. e4 e5 2. Nf3 Nc6 3. Bb5 a6 4. Ba4 Nf6 5. d3 d6 6. c4 g6 7. Nc3 Bg7 8. Bg5 h6
9. Be3 O-O 10. Bxc6 bxc6 11. h3 c5 12. Qd2 Kh7 13. O-O Ng8 14. Nh2 f5 15. exf5
Bxf5 16. f4 exf4 17. Rxf4 Be6 18. Raf1 Rxf4 19. Rxf4 Qe7 20. b3 Re8 21. Nf1 Be5
22. Rf2 Qg7 23. Ne2 Ne7 24. d4 cxd4 25. Nxd4 Nf5 26. Nxf5 Bxf5 27. Qa5 Re7 28.
Qxa6 Bd4 29. Bxd4 Qxd4 30. Qa5 Bd3 31. Qd5 Qxd5 32. cxd5 Re1 33. Rf3 Rd1 34. g4
h5 35. gxh5 gxh5 36. Rf4 Kg6 37. Kg2 Kg5 38. Rf7 Kg6 39. Rf4 Bb1 40. a4 Rxd5
41. b4 Rd3 42. Rc4 Ra3 43. Rxc7 Rxa4 44. Rd7 Ra6 45. Ne3 Ba2 46. b5 Rb6 47. Ra7
Bb1 48. Ra6 Rxb5 49. Rxd6+ Kg5 50. Kg3 h4+ 51. Kf3 Ba2 52. Ra6 Bf7 53. Rd6 Bh5+
54. Ke4 Rb4+ 55. Rd4 Bf3+ 56. Kd3 Rb3+ 57. Kd2 Rb2+ 58. Nc2 Bb7 59. Rg4+ Kh5
60. Kc3 Rb6 61. Rg8 Bd5 62. Rd8 Be6 63. Rh8+ Kg5 64. Nd4 Bd5 65. Rd8 Be4 66.
Rg8+ Bg6 67. Nf3+ Kf4 68. Nxh4 Bh5 69. Ng2+ Ke4 70. Rg5 Be8 71. Rg4+ Kf3 72.
Nh4+ Ke3 73. Nf5+ Kf3 74. Nd4+ Kf2 75. h4 Bg6 76. Rg5 Be8 77. Kd3 Rh6 78. Re5
Bg6+ 79. Kd2 Rxh4 80. Nf5 Bxf5 1/2-1/2

[Event "45th World Open"]
[Site "Philadelphia"]
[Date "2017.07.01"]
[Round "2.34"]
[White "Baquero, Luis"]
[Black "Shetty, Atulya"]
[Result "0-1"]
[WhiteElo "2222"]
[BlackElo "2422"]
[PlyCount "64"]
[EventDate "2017.07.??"]
[EventType "swiss"]
[EventRounds "9"]
[EventCountry "USA"]

1. d4 d5 2. c4 c6 3. Nc3 Nf6 4. cxd5 cxd5 5. Bf4 Nc6 6. e3 a6 7. Nf3 Bg4 8. Qb3
Na5 9. Qc2 Bxf3 10. gxf3 e6 11. Bg5 h6 12. Bxf6 Qxf6 13. f4 g6 14. Rc1 Bd6 15.
Qa4+ Nc6 16. Bb5 Rc8 17. Bxc6+ Rxc6 18. Ne2 b5 19. Qd1 Bb4+ 20. Kf1 Rxc1 21.
Nxc1 Qf5 22. Nd3 Bd6 23. Ke2 O-O 24. Qc2 Bxf4 25. Qc6 Qg4+ 26. Kd2 Bxe3+ 27.
fxe3 Qg2+ 28. Nf2 Qxf2+ 29. Kd3 Qxb2 30. Qxa6 b4 31. h4 Qc3+ 32. Ke2 Qc2+ 0-1

[Event "45th World Open"]
[Site "Philadelphia"]
[Date "2017.07.01"]
[Round "2.37"]
[White "Banerjee, Abhimanyu"]
[Black "Wheeler, Cameron"]
[Result "1/2-1/2"]
[WhiteElo "1972"]
[BlackElo "2407"]
[PlyCount "44"]
[EventDate "2017.07.??"]
[EventType "swiss"]
[EventRounds "9"]
[EventCountry "USA"]

1. e4 e6 2. d3 c5 3. Nf3 Nc6 4. g3 g6 5. Bg2 Bg7 6. O-O Nge7 7. h4 O-O 8. h5 d6
9. c3 e5 10. Nbd2 f5 11. b4 cxb4 12. cxb4 f4 13. b5 Na5 14. Nc4 Nxc4 15. dxc4
Be6 16. Nd2 fxg3 17. fxg3 Qb6+ 18. Kh2 Rxf1 19. Nxf1 Bxc4 20. Bg5 Re8 21. Ne3
Be6 22. h6 Bf6 1/2-1/2

[Event "45th World Open"]
[Site "Philadelphia"]
[Date "2017.07.01"]
[Round "2.40"]
[White "Somalwar, Anaiy"]
[Black "Bachmann, Axel"]
[Result "0-1"]
[WhiteElo "1780"]
[BlackElo "2653"]
[PlyCount "81"]
[EventDate "2017.07.??"]
[EventType "swiss"]
[EventRounds "9"]
[EventCountry "USA"]

1. d4 Nf6 2. c4 e6 3. Nc3 Bb4 4. e3 c5 5. Nge2 d6 6. a3 Ba5 7. Ng3 Bxc3+ 8.
bxc3 e5 9. Bd3 Nc6 10. d5 Ne7 11. O-O h5 12. e4 h4 13. Nf5 Nxf5 14. exf5 e4 15.
Re1 Bxf5 16. f3 Kf8 17. fxe4 Bg4 18. Be2 Bxe2 19. Qxe2 Qd7 20. h3 Re8 21. Qf3
Qa4 22. Bf4 Qxc4 23. Bxd6+ Kg8 24. Re3 Rxe4 25. Rae1 Rxe3 26. Rxe3 Qxd5 27.
Qxd5 Nxd5 28. Rd3 Rh5 29. Bxc5 b6 30. Bf2 Nf4 31. Rd8+ Kh7 32. Kf1 Ra5 33. Rd4
g5 34. a4 Ne6 35. Rc4 Kg6 36. Ke2 f5 37. Kf3 Nc5 38. Rb4 Nxa4 39. Bd4 Nc5 40.
g4 hxg3 41. Kxg3 0-1

[Event "45th World Open"]
[Site "Philadelphia"]
[Date "2017.07.01"]
[Round "2.47"]
[White "Karklins, Andrew"]
[Black "Sarkar, Justin"]
[Result "0-1"]
[WhiteElo "2094"]
[BlackElo "2375"]
[PlyCount "80"]
[EventDate "2017.07.??"]
[EventType "swiss"]
[EventRounds "9"]
[EventCountry "USA"]

1. e4 e6 2. d4 d5 3. Nc3 Bb4 4. Nge2 Nf6 5. a3 Bxc3+ 6. Nxc3 Nxe4 7. Qg4 O-O 8.
Nxe4 f5 9. Qg3 fxe4 10. Bg5 Qd7 11. Bf4 Nc6 12. Rd1 e5 13. Bxe5 Nxe5 14. Qxe5
Qf7 15. Qg3 Bf5 16. Be2 Rad8 17. O-O Rd6 18. Rc1 Qd7 19. f4 Rg6 20. Qe3 Bg4 21.
c4 Bxe2 22. Qxe2 c6 23. Rc2 Rgf6 24. Qe3 dxc4 25. Rxc4 Qf7 26. Rc5 Rxf4 27.
Rxf4 Qxf4 28. Qxf4 Rxf4 29. Re5 e3 30. Rxe3 Rxd4 31. Re7 Rd1+ 32. Kf2 Rd2+ 33.
Kf3 Rxb2 34. h4 a5 35. Rc7 h6 36. Kf4 Rf2+ 37. Ke5 Rxg2 38. Rxb7 Rh2 39. Kd6
Rxh4 40. Kxc6 Rh3 0-1

[Event "45th World Open"]
[Site "Philadelphia"]
[Date "2017.07.01"]
[Round "2.62"]
[White "Nguyen, Tan"]
[Black "Flaquer, Luis"]
[Result "1-0"]
[WhiteElo "1949"]
[BlackElo "2208"]
[PlyCount "107"]
[EventDate "2017.07.??"]
[EventType "swiss"]
[EventRounds "9"]
[EventCountry "USA"]

1. d4 Nf6 2. c4 e6 3. Nf3 d5 4. g3 c6 5. Bg2 dxc4 6. Ne5 Nbd7 7. Nxc4 Nb6 8.
Ne5 c5 9. Nf3 Bd7 10. Ne5 Qc7 11. Nxd7 Qxd7 12. e3 cxd4 13. exd4 Bb4+ 14. Nc3
Rc8 15. Qb3 Qxd4 16. Be3 Bxc3+ 17. bxc3 Qxc3+ 18. Qxc3 Rxc3 19. Bxb7 O-O 20.
O-O Nfd5 21. Bxd5 exd5 22. Rfd1 Rd8 23. a4 f6 24. a5 Nc8 25. Rab1 Rd7 26. a6
Ne7 27. Rb7 Rcc7 28. Rdb1 Nc6 29. Rc1 d4 30. Bxd4 Rxb7 31. axb7 Rxb7 32. Rxc6
a5 33. Ra6 Rb5 34. Bc3 Rc5 35. Bxa5 h5 36. h4 Kh7 37. Bd2 Kg6 38. Kg2 Rc7 39.
Be3 Rc4 40. Ra7 Rc6 41. Bf4 Rb6 42. Rc7 Ra6 43. Be3 Ra4 44. Bc5 Kh7 45. Bf8 Rg4
46. Rxg7+ Rxg7 47. Bxg7 Kxg7 48. Kf3 Kf7 49. Ke4 Ke6 50. Kf4 Ke7 51. Kf5 Kf7
52. f3 Kg7 53. Ke6 Kg6 54. f4 1-0

[Event "45th World Open"]
[Site "Philadelphia"]
[Date "2017.07.01"]
[Round "2.69"]
[White "Colas, Joshua"]
[Black "Bennett, David"]
[Result "1-0"]
[WhiteElo "2369"]
[BlackElo "2097"]
[PlyCount "83"]
[EventDate "2017.07.??"]
[EventType "swiss"]
[EventRounds "9"]
[EventCountry "USA"]

1. d4 d5 2. Nf3 Nf6 3. g3 c5 4. Bg2 Nc6 5. O-O e6 6. c4 dxc4 7. Qa4 cxd4 8.
Nxd4 Qxd4 9. Bxc6+ Bd7 10. Rd1 Qxd1+ 11. Qxd1 Bxc6 12. Nc3 Bc5 13. h3 b5 14.
Qc2 O-O 15. Bg5 Rac8 16. a3 Rfd8 17. Qc1 Be7 18. Be3 Rd7 19. Qc2 h6 20. Kh2 a5
21. a4 b4 22. Nb5 Be4 23. Qc1 c3 24. bxc3 Nd5 25. Bd4 Nxc3 26. Qe3 Rc4 27. Rc1
Nd5 28. Qd2 Nc3 29. f3 Bg6 30. Qe3 Nd5 31. Qe5 Rxd4 32. Qxd4 Bf6 33. Qc4 Kh7
34. e4 Nb6 35. Qc2 h5 36. h4 Be5 37. f4 Nxa4 38. fxe5 Nb6 39. Nd6 Re7 40. Qc5
Nd7 41. Qxa5 b3 42. Qd8 1-0

[Event "45th World Open"]
[Site "Philadelphia"]
[Date "2017.07.01"]
[Round "3.1"]
[White "Le, Liem"]
[Black "Tang, Andrew"]
[Result "1-0"]
[WhiteElo "2726"]
[BlackElo "2461"]
[PlyCount "71"]
[EventDate "2017.07.??"]
[EventType "swiss"]
[EventRounds "9"]
[EventCountry "USA"]
[WhiteClock "0:38:33"]
[BlackClock "0:01:33"]

1. d4 d5 2. Bf4 Nf6 3. e3 e6 4. Nd2 c5 5. c3 Nc6 6. Ngf3 Bd6 7. Bg3 O-O 8. Bd3
b6 9. Qe2 Bb7 10. Rd1 h6 11. Ne5 Qc7 12. f4 Ne7 13. Qf3 Nf5 14. Bf2 Be7 15. g4
Nd6 16. Bh4 Nfe4 17. Bxe7 Qxe7 18. h4 cxd4 19. exd4 g6 20. Qe3 Kg7 21. h5 gxh5
22. Rxh5 f6 23. Bxe4 dxe4 24. f5 Rh8 25. Ng6 Qd7 26. Nxh8 Rxh8 27. Nf1 exf5 28.
gxf5 Nf7 29. b3 Ng5 30. Ng3 Qd6 31. Kf2 a5 32. d5 Re8 33. Rdh1 Qxd5 34. Rxh6
Kf7 35. c4 Qe5 36. Rh7+ 1-0

[Event "45th World Open"]
[Site "Philadelphia"]
[Date "2017.07.01"]
[Round "3.2"]
[White "Harmon-Vellotti, Luke"]
[Black "Xiong, Jeffrey"]
[Result "0-1"]
[WhiteElo "2449"]
[BlackElo "2658"]
[PlyCount "128"]
[EventDate "2017.07.??"]
[EventType "swiss"]
[EventRounds "9"]
[EventCountry "USA"]
[WhiteClock "0:00:12"]
[BlackClock "0:21:33"]

1. e4 e5 2. Nf3 Nc6 3. Bb5 Nf6 4. O-O Nxe4 5. d4 Nd6 6. dxe5 Nxb5 7. a4 d6 8.
e6 fxe6 9. axb5 Nb4 10. Ng5 Be7 11. Qh5+ g6 12. Qh6 Bf8 13. Qh3 Qf6 14. Ra4 Nd5
15. Re4 e5 16. Qb3 h6 17. Qxd5 hxg5 18. Nc3 Be7 19. Qc4 Qf7 20. Qxc7 Qh7 21. h4
gxh4 22. Nd5 h3 23. g4 h2+ 24. Kh1 Qf7 25. Qxe7+ Qxe7 26. Nxe7 Kxe7 27. f3 Be6
28. Bg5+ Kd7 29. Bf6 Rhf8 30. g5 Rac8 31. c3 Rc5 32. Kxh2 Rxb5 33. Rf2 Rd5 34.
f4 Rf7 35. fxe5 Rh7+ 36. Kg1 Rd1+ 37. Rf1 Rd2 38. Rd4 Rxd4 39. cxd4 d5 40. Rf2
Rh4 41. Rh2 Rxh2 42. Kxh2 Kc6 43. Be7 Kb5 44. b3 a5 45. Kg3 a4 46. bxa4+ Kxa4
47. Kf2 Kb3 48. Bc5 b5 49. Ke2 Kc3 50. Bb6 Bg4+ 51. Ke1 Kd3 52. Bc5 Ke3 53. Kf1
Kd2 54. Bb6 Bf5 55. Kf2 Kd3 56. Ke1 b4 57. Kd1 b3 58. Kc1 Kc3 59. Ba5+ Kxd4 60.
Kb2 Kc4 61. Bd2 d4 62. Kc1 Kd3 63. Ba5 Ke2 64. Bb4 d3 0-1

[Event "45th World Open"]
[Site "Philadelphia"]
[Date "2017.07.01"]
[Round "3.3"]
[White "Shetty, Atulya"]
[Black "Batista, Lazaro"]
[Result "1/2-1/2"]
[WhiteElo "2422"]
[BlackElo "2653"]
[PlyCount "61"]
[EventDate "2017.07.??"]
[EventType "swiss"]
[EventRounds "9"]
[EventCountry "USA"]
[WhiteClock "0:06:02"]
[BlackClock "0:10:21"]

1. c4 c5 2. g3 Nc6 3. Bg2 g6 4. Nc3 Bg7 5. Nf3 d6 6. O-O e6 7. e3 Nge7 8. d4
O-O 9. b3 Re8 10. Bb2 cxd4 11. Nxd4 Nxd4 12. exd4 d5 13. cxd5 exd5 14. Re1 Be6
15. Ne2 Qd6 16. Nf4 Nc6 17. Nxe6 Rxe6 18. Rxe6 Qxe6 19. Qd2 Re8 20. Bc3 Qf5 21.
b4 h5 22. Rd1 Rc8 23. h4 Ne7 24. a3 Rc7 25. Qd3 Qc8 26. Bd2 Rc4 27. Bg5 Rxd4
28. Qb1 Rxd1+ 29. Qxd1 Qd7 30. Bxe7 Qxe7 31. Bxd5 1/2-1/2

[Event "45th World Open"]
[Site "Philadelphia"]
[Date "2017.07.01"]
[Round "3.4"]
[White "Checa, Nicolas"]
[Black "Zherebukh, Yaroslav"]
[Result "1/2-1/2"]
[WhiteElo "2415"]
[BlackElo "2642"]
[PlyCount "126"]
[EventDate "2017.07.??"]
[EventType "swiss"]
[EventRounds "9"]
[EventCountry "USA"]
[WhiteClock "0:30:39"]
[BlackClock "0:23:34"]

1. d4 Nf6 2. c4 c5 3. d5 g6 4. Nc3 d6 5. e4 Bg7 6. h3 O-O 7. Nf3 e6 8. Bd3 exd5
9. exd5 Re8+ 10. Be3 Bh6 11. O-O Bxe3 12. fxe3 Nbd7 13. Qd2 Rf8 14. Rae1 Qe7
15. Qf2 Ne8 16. Qg3 Ne5 17. Nxe5 dxe5 18. e4 Bd7 19. Be2 Nd6 20. Qf2 b6 21. Qf6
Qxf6 22. Rxf6 Ne8 23. Rf2 Kg7 24. Bg4 Bxg4 25. hxg4 Nd6 26. b3 a6 27. a4 f6 28.
Rf3 Rf7 29. Kf2 Kh6 30. Rh3+ Kg5 31. Nb1 f5 32. gxf5 gxf5 33. Rg3+ Kf6 34. Nd2
f4 35. Rh3 Rg8 36. Reh1 Rfg7 37. Rh6+ Rg6 38. R1h2 R8g7 39. Rxg6+ Kxg6 40. g3
fxg3+ 41. Kxg3 Rf7 42. Rh4 h5 43. Nf3 Re7 44. Kf2 b5 45. axb5 axb5 46. cxb5
Nxb5 47. Ke3 Nd4 48. d6 Rb7 49. Nxe5+ Kg5 50. Rh1 Rxb3+ 51. Kd2 Ne6 52. Rf1 Rb4
53. Rg1+ Kf6 54. Nd7+ Kf7 55. Rf1+ Kg7 56. e5 h4 57. Kc3 Re4 58. Kd3 Rg4 59.
Nf6 Rd4+ 60. Ke3 h3 61. Ne4 Rd5 62. Rg1+ Kf7 63. Rf1+ Kg7 1/2-1/2

[Event "45th World Open"]
[Site "Philadelphia"]
[Date "2017.07.01"]
[Round "3"]
[White "Mandizha, Farai"]
[Black "Li, Ruifeng"]
[Result "1-0"]
[WhiteElo "2342"]
[BlackElo "2571"]
[PlyCount "163"]
[EventDate "2017.07.??"]
[EventType "swiss"]
[EventRounds "9"]
[EventCountry "USA"]

1. d4 d5 2. c4 e6 3. Nf3 Nf6 4. Nc3 c6 5. Bg5 h6 6. Bxf6 Qxf6 7. e3 Nd7 8. Bd3
dxc4 9. Bxc4 g6 10. O-O Bg7 11. e4 e5 12. d5 O-O 13. h3 Nb6 14. Bb3 Bd7 15.
dxc6 Bxc6 16. Qe2 Rfd8 17. a4 a5 18. Qe3 Rd4 19. Nxd4 exd4 20. e5 Qh4 21. Qe2
dxc3 22. bxc3 Nd5 23. e6 Nxc3 24. exf7+ Kh7 25. Qe6 Ne4 26. Rac1 Nd2 27. Rxc6
bxc6 28. Qe8 Rxe8 29. fxe8=Q Nxb3 30. Qxc6 Nd4 31. Qe8 Qg5 32. Rb1 h5 33. Qe4
h4 34. Rb7 Nf5 35. Qe1 Qf4 36. Ra7 Qxa4 37. Rxa5 Qf4 38. Rd5 Bd4 39. Rb5 Ng3
40. Rb7+ Kh6 41. Re7 Nf5 42. Re2 Ng3 43. Re7 Bc5 44. Re6 Kh7 45. Re7+ Kh6 46.
Re6 Nh5 47. Re2 Bb4 48. Qd1 Kh7 49. Qd7+ Ng7 50. Rc2 Bd6 51. Qb7 Kh6 52. Qa8
Qh2+ 53. Kf1 Ne6 54. Rc4 Nf4 55. Qh8+ Kg5 56. Qd8+ Kf5 57. Qd7+ Ke5 58. Qg7+
Ke6 59. Qg8+ Kf6 60. Qh8+ Kf5 61. Qc8+ Ne6 62. Rxh4 Qh1+ 63. Ke2 Qxg2 64. Qc2+
Kf6 65. Qc3+ Be5 66. Qf3+ Qxf3+ 67. Kxf3 Kg5 68. Ra4 Kh5 69. Ra5 Ng5+ 70. Kg2
Bc7 71. Rc5 Bd6 72. Rd5 Bf4 73. Ra5 Kh4 74. Ra8 Ne6 75. Ra6 Nf8 76. Ra4 Kg5 77.
Ra5+ Kh6 78. Ra6 Nd7 79. Kf3 Bb8 80. Kg2 Be5 81. Ra5 Kg5 82. Rd5 1-0

[Event "45th World Open"]
[Site "Philadelphia"]
[Date "2017.07.01"]
[Round "3"]
[White "Niemann, Hans"]
[Black "Moradiabadi, Elshan"]
[Result "1/2-1/2"]
[WhiteElo "2282"]
[BlackElo "2550"]
[PlyCount "44"]
[EventDate "2017.07.??"]
[EventType "swiss"]
[EventRounds "9"]
[EventCountry "USA"]

1. d4 g6 2. c4 Bg7 3. Nf3 e6 4. Nc3 Ne7 5. e4 d5 6. Bg5 h6 7. Be3 dxe4 8. Nxe4
Nf5 9. Qd2 Nxe3 10. fxe3 b6 11. O-O-O Bb7 12. Bd3 Nd7 13. Nc3 Qe7 14. Rhe1 O-O
15. Be4 c6 16. h4 Nf6 17. Bc2 Rad8 18. e4 h5 19. e5 Ng4 20. Qf4 Rd7 21. Kb1 Qb4
22. a3 Qe7 1/2-1/2

[Event "45th World Open"]
[Site "Philadelphia"]
[Date "2017.07.01"]
[Round "3"]
[White "Hernandez, Holden"]
[Black "Virkud, Apurva"]
[Result "1/2-1/2"]
[WhiteElo "2510"]
[BlackElo "2252"]
[PlyCount "120"]
[EventDate "2017.07.??"]
[EventType "swiss"]
[EventRounds "9"]
[EventCountry "USA"]

1. e4 c5 2. Nf3 d6 3. d4 cxd4 4. Nxd4 Nf6 5. Nc3 a6 6. Be3 e6 7. Qf3 Qc7 8.
O-O-O Nbd7 9. Qg3 b5 10. Bxb5 axb5 11. Ndxb5 Qb8 12. Nxd6+ Bxd6 13. Qxd6 Qxd6
14. Rxd6 Ng4 15. Re1 Nxe3 16. Rxe3 Ne5 17. Rd1 Ba6 18. f3 Ke7 19. b3 Rhc8 20.
a4 Rc5 21. Na2 Rac8 22. Nb4 Bb7 23. Kb2 Bc6 24. Ra1 Rd8 25. Rc3 Rxc3 26. Kxc3
Ba8 27. a5 g5 28. a6 g4 29. f4 Nd7 30. Kd4 Nf6+ 31. Kc5 Rc8+ 32. Kd4 Rd8+ 33.
Ke3 Nxe4 34. Nd3 Nd6 35. g3 Nf5+ 36. Kd2 Nd4 37. b4 Be4 38. Ra3 Nb5 39. Ra5
Bxd3 40. cxd3 Na7 41. Kc3 Rd5 42. Rc5 Kd6 43. Kc4 Rxc5+ 44. bxc5+ Kc6 45. Kd4
f6 46. Ke4 Kxc5 47. d4+ Kd6 48. f5 e5 49. dxe5+ fxe5 50. f6 Ke6 51. f7 Kxf7 52.
Kxe5 Kg6 53. Kd6 Kf5 54. Kc7 Ke6 55. Kb7 Nb5 56. Kb6 Nd6 57. Kc5 Nc8 58. Kd4
Kf5 59. Kd5 Na7 60. Kd6 Kf6 1/2-1/2

[Event "45th World Open"]
[Site "Philadelphia"]
[Date "2017.07.01"]
[Round "3"]
[White "Zheng, Andrew"]
[Black "Brown, Michael"]
[Result "1-0"]
[WhiteElo "2252"]
[BlackElo "2489"]
[PlyCount "97"]
[EventDate "2017.07.??"]
[EventType "swiss"]
[EventRounds "9"]
[EventCountry "USA"]

1. d4 Nf6 2. c4 e6 3. Nf3 d5 4. Nc3 Nbd7 5. Bg5 Bb4 6. cxd5 exd5 7. e3 c5 8.
Bd3 Qa5 9. Qc2 c4 10. Bf5 O-O 11. O-O Re8 12. Nd2 g6 13. Bxd7 Nxd7 14. Rae1
Bxc3 15. bxc3 Nb6 16. f3 Kg7 17. Bh4 Be6 18. e4 Qa4 19. Qb2 Qc6 20. e5 Nd7 21.
f4 Bf5 22. h3 Bd3 23. Rf3 h5 24. Nf1 Kh7 25. Rfe3 Re6 26. Ng3 Ree8 27. f5 gxf5
28. Qf2 Qe6 29. Nxh5 Qh6 30. g4 Kh8 31. Nf6 Nxf6 32. Bxf6+ Kh7 33. g5 Qh5 34.
Rf3 Kg6 35. Rf4 Rh8 36. Bxh8 Rxh8 37. h4 Be4 38. Kh2 Kg7 39. Qb2 b6 40. Qa3 Bf3
41. Kg3 Bg4 42. Rh1 Qg6 43. Qxa7 Qe6 44. Rb1 Rxh4 45. Rxb6 Rh3+ 46. Kg2 Qe8 47.
g6 Rh8 48. gxf7 Qf8 49. Rb8 1-0

[Event "45th World Open"]
[Site "Philadelphia"]
[Date "2017.07.01"]
[Round "3"]
[White "Bachmann, Axel"]
[Black "Taghizadeh, Rayan"]
[Result "1/2-1/2"]
[WhiteElo "2653"]
[BlackElo "2351"]
[PlyCount "114"]
[EventDate "2017.07.??"]
[EventType "swiss"]
[EventRounds "9"]
[EventCountry "USA"]

1. d4 Nf6 2. Bf4 e6 3. e3 d6 4. Nf3 Nbd7 5. h3 g6 6. c4 Qe7 7. Nc3 Bg7 8. Bh2
O-O 9. Be2 b6 10. O-O Bb7 11. Qc2 a6 12. Rfd1 Rfd8 13. e4 e5 14. dxe5 Nxe5 15.
Nd5 Nxd5 16. cxd5 c5 17. Nxe5 dxe5 18. a4 a5 19. Ra3 Ba6 20. Bxa6 Rxa6 21. Qd2
Rd6 22. Rd3 Ra8 23. Qc3 Re8 24. Qc4 Qd7 25. Rf1 Qd8 26. b3 Qe7 27. g3 f5 28.
exf5 gxf5 29. g4 f4 30. f3 Red8 31. Kg2 Qf7 32. Rfd1 Bf8 33. Bg1 h5 34. Bf2
hxg4 35. fxg4 Qh7 36. Re1 Bg7 37. h4 Qg6 38. Kf3 Qf7 39. Red1 Qg6 40. Qe4 Qxe4+
41. Kxe4 Kf7 42. Rh1 Rh8 43. Rhh3 Re8 44. Rh2 Rg8 45. Be1 Rc8 46. Rg2 Rd7 47.
g5 Rh8 48. Kf5 e4 49. Rd1 f3 50. Rg3 Re8 51. d6 Bd4 52. Rg4 Rxd6 53. Rxe4 Rd5+
54. Kf4 Be5+ 55. Rxe5 Rexe5 56. Rxd5 Rxd5 57. Kxf3 Rd3+ 1/2-1/2

[Event "45th World Open"]
[Site "Philadelphia"]
[Date "2017.07.01"]
[Round "3"]
[White "Belous, Vladimir"]
[Black "Yu, Jennifer"]
[Result "1-0"]
[WhiteElo "2567"]
[BlackElo "2319"]
[PlyCount "87"]
[EventDate "2017.07.??"]
[EventType "swiss"]
[EventRounds "9"]
[EventCountry "USA"]

1. d4 d5 2. c4 c6 3. e3 Nf6 4. Bd3 g6 5. Nf3 Bg7 6. h3 O-O 7. Nc3 dxc4 8. Bxc4
c5 9. d5 e6 10. dxe6 Qxd1+ 11. Kxd1 Bxe6 12. Bxe6 fxe6 13. Ke2 Nc6 14. Ng5 Rfe8
15. Rd1 h6 16. Nge4 Nxe4 17. Nxe4 b6 18. Rb1 Rad8 19. Rxd8 Rxd8 20. Bd2 Ne5 21.
b3 Nc6 22. g4 g5 23. Rh1 Ne5 24. f3 Kf7 25. h4 gxh4 26. Rxh4 Rd5 27. f4 Ng6 28.
Rh1 Ne7 29. Bc3 Rd7 30. Bxg7 Kxg7 31. g5 Nf5 32. gxh6+ Nxh6 33. Rg1+ Kf7 34.
Ng5+ Kf6 35. Nxe6 Nf5 36. Ng5 Re7 37. e4 Nd4+ 38. Ke3 Nc2+ 39. Kf3 Nd4+ 40. Kg4
Rg7 41. Rh1 Kg6 42. Rh8 Nc2 43. f5+ Kf6 44. Kf4 1-0

[Event "45th World Open"]
[Site "Philadelphia"]
[Date "2017.07.01"]
[Round "3"]
[White "Morrison, William"]
[Black "Becerra, Julio"]
[Result "1/2-1/2"]
[WhiteElo "2320"]
[BlackElo "2556"]
[PlyCount "57"]
[EventDate "2017.07.??"]
[EventType "swiss"]
[EventRounds "9"]
[EventCountry "USA"]

1. e4 e5 2. Nf3 Nc6 3. Bb5 a6 4. Ba4 Nf6 5. O-O Be7 6. Bxc6 dxc6 7. d3 Nd7 8.
b3 O-O 9. Bb2 f6 10. Nbd2 Nc5 11. d4 exd4 12. Nxd4 Rf7 13. Re1 Ne6 14. N2f3 c5
15. Nf5 Bf8 16. Qe2 Nf4 17. Qe3 Ng6 18. Rad1 Qe8 19. h4 h5 20. Ng3 Bg4 21. Rd5
Qe6 22. c4 Re8 23. Nh2 Bd6 24. Nhf1 Nxh4 25. f3 Bxf3 26. Rxd6 cxd6 27. gxf3 b5
28. cxb5 axb5 29. Re2 1/2-1/2